sąsiedzi polski - Statystyki

Ogólne statystyki
  • Ten quiz został rozwiązany 56 razy
  • Średni wynik to 7 z 7
Statystyki odpowiedzi
Hint Odpowiedź % Poprawnych
Praga Czechy
100%
Berlin Niemcy
100%
Moskwa Rosja
100%
Kijów Ukraina
100%
Mińsk Białoruś
98%
Wilno Litwa
98%
Bratysława Słowacja
94%
Nie znaleziono quizów pasujących do podanych kryteriów
Rozkład punktacji
Procent ludzi z każdym wynikiem
Percentyl według liczby udzielonych odpowiedzi
Twoja historia wyników
Nie rozwiązałeś tego quizu